000 00782nam a2200265 a 4500
001 874
003 BR-CuiBMT
005 20231128200321.0
008 231102s2006 spb 001 0 por d
020 _a9788535908237
040 _aBR-CuiBMT
_cBR-CuiBMT
080 _22007
_a17
090 _a17
_bC737e
_c3. ed.
100 1 _aComparato, Fábio Konder,
_d1936-
245 1 0 _aÉtica :
_bdireito, moral e religião no mundo moderno /
_cFábio Konder Comparato.
250 _a3. ed., rev.
260 _aSão Paulo :
_bCompanhia das Letras,
_cc2006.
300 _a718 p. ;
_c23 cm
504 _aInclui bibliografia e índice.
650 _aÉtica
650 _aDireito
_vAspectos éticos
650 _aReligião
_vAspectos éticos
650 _aMoralidade (Ética)
942 _2udc
_cLV
999 _c874
_d874